| 000 | 00718nam a22002297a 4500 | ||
|---|---|---|---|
| 003 | BUBTL | ||
| 008 | 140128b xxu||||| |||| 00| 0 eng d | ||
| 020 | _a8120317076 | ||
| 082 | _a657.42/ H7845a/ 2001 | ||
| 100 |
_931 _a Horngren, Charles T. |
||
| 245 |
_aCost accounting : _ba managerial emphasis / _cCharles T. Horngren, George Foster, and Srikant M. Datar |
||
| 250 | _a10th ed. | ||
| 260 |
_aNew Delhi _bPrentice Hall, _cc2001 |
||
| 300 |
_a[xxii], 906p . : _bill. Graph ; 28cm . |
||
| 500 | _aIncludes Index . | ||
| 650 | 0 |
_951 _aCost Accounting |
|
| 700 |
_932 _aFoster, George |
||
| 700 |
_933 _aDatar, Srikant M. |
||
| 856 |
_k0 _l0 _yDownload |
||
| 942 |
_2ddc _cBK |
||
| 999 |
_c151 _d151 |
||